000 00775nam a2200241 i 4500
001 147220
003 ES-MaACL
005 20250822031746.0
007 t|
008 070924s1975 sp ||||1| spa d
080 _a159.922(075.8)
100 1 _aTyler, Leona E.
_9111803
245 1 0 _aPsicología de las diferencias humanas /
_cLeona E. Tyler ; [traducción... por José A. Forteza.
250 _a[2ª ed.].
260 _a[Madrid :
_bMarova,
_c1975]
300 _a558 p. ;
_c24 cm.
490 1 _aBiblioteca Marova de estudios del hombre
650 7 _aPsicología diferencial
_2embne
_916562
700 1 _aForteza, José A.
_951859
830 0 _aBiblioteca Marova de estudios del hombre
_9181307
852 _aES-MaACL
_jE-9126
_bR.93461
999 _c147220
_d147220